نبی کریم ص کی معاشی زندگی (Record no. 65028)

000 -LEADER
fixed length control field 00316nam a22001097a 4500
082 ## - DEWEY DECIMAL CLASSIFICATION NUMBER
Classification number 297.922
100 ## - MAIN ENTRY--AUTHOR NAME
Personal name ڈاکٹر نور محمد غفاری
245 ## - TITLE STATEMENT
Title نبی کریم ص کی معاشی زندگی
260 ## - PUBLICATION, DISTRIBUTION, ETC. (IMPRINT)
Place of publication اردو نگر ملتان
Name of publisher عتیق پبلشنگ ہاؤس
Year of publication 1993
300 ## - PHYSICAL DESCRIPTION
Number of Pages 405
942 ## - ADDED ENTRY ELEMENTS (KOHA)
Koha item type Books
Holdings
Withdrawn status Lost status Permanent Location Current Location Date acquired Full call number Accession Number Koha item type
    Reference Section Reference Section 2019-07-04 297.922 (Shelf -19E) R16627 Books

Copyright © 2018,The QUEST, Nawabshah, Shaheed Benazirabad. All rights reserved
Mr. G. Farooq Channar (Librarian) QUEST, Nawabshah, Sindh, Pakistan 67480.
 Ph#: |   0244-9370381-4 Ext. 2308   Email| lib@quest.edu.pk   Web|  http://www.quest.edu.pk